• 首页
  • 本馆介绍
  • 公告通知
  • 最新文献
  • 馆藏检索
  • 电子资源
  • 读者导购
  • 参考咨询
  • 我的图书馆
  • 登录
  • 详细信息显示
  • 放入我的书架
  • 预约/预借图书
  • 作者相关作品
  • 分类相关作品
  • 丛书相关作品
  • 出版社相关作品

书目信息

  • 表格格式
  • 工作单格式
  • 卡片格式
题名:
思想·品质·作风
    
 
作者: 李雪 著
分册:  
出版信息: 北京   中国青年出版社  1980
页数: 280页
开本: 19cm
丛书名:
单 册:
中图分类: D432.62
科图分类:
主题词: 思想政治教育--青年读物
电子资源:
ISBN:
000 00642nam0 2200241 45
001 0180007734
005 20060804105606.50
010    @dCNY0.52
091    @a7009.244
100    @a19950622d1980 em y0chiy0121 ea
101 0  @achi
102    @aCN@b110000
105    @ay z 000yy
200 10 @a思想·品质·作风@Asi xiang pin zhi zuo feng@f李雪等著
210    @a北京@c中国青年出版社@d1980
215    @a280页@d19cm
300    @a青年修养通讯
606    @a思想政治教育@x青年读物
690    @aD432.62@v3
701  0 @a李雪@Ali xue@4著
801  2 @aCN@bNLC@c20060804
801  0 @aCN@b上海图书馆@c20040424
905    @f1@b25770@dD432.62@e10:3
    
    思想·品质·作风/李雪等著.-北京:中国青年出版社,1980
    280页;19cm
    青年修养通讯
    
    ISBN :CNY0.52
    
●
相关链接 在E读中查询图书 在五车中查询图书 在当当中查询图书 在豆瓣中查询图书


正题名:思想·品质·作风     索取号:D432.62/10:3         预约/预借

序号 登录号 条形码 馆藏地/架位号 状态 备注
1 0025768   202262728   密集书库/ [索取号:D432.62/10:3] 在馆    
2 0025770   000382856   密集书库/ [索取号:D432.62/10:3] 在馆    
3 0032209   000378219   第一样本阅览室/ [索取号:D432.62/10:3] 在馆    
4 0032210   000382847   第一借阅区/ [索取号:D432.62/10:3] 在馆    
5 0032211   001770587   密集书库/ [索取号:D432.62/10:3] 在馆    
6 0032212   001752794   密集书库/ [索取号:D432.62/10:3] 在馆    
7 0032213   001752758   密集书库/ [索取号:D432.62/10:3] 在馆    
8 0426562   204265623   密集书库/ [索取号:D432.62/10:3] 在馆    
9 0426563   204265632   密集书库/ [索取号:D432.62/10:3] 在馆    
10 0446928   204469280   密集书库/ [索取号:D432.62/10:3] 在馆    
11 0469301   204693019   密集书库/ [索取号:D432.62/10:3] 在馆    
唐山师范学院图书馆 欢迎您!
大连网信软件有限公司© 版权所有